000 00786nam a22002417a 4500
003 URS
005 20240418001813.0
008 240417t2019 ph ||||| |||| 00| 0 eng d
020 _a9789710743209
040 _aDLC
_beng
_cDLC
_dDLC
_dURS
_erda001.4
082 _a001.42
_bP3202 2019
100 _aMarquez-Fong, Stella Eloisa R.
245 _aPractical Research 1/
_cStella Eloisa R. Marquez Fong and Cezar R. Tigno
264 _aPhilippines:
_bVibal Group, Inc.,
_c2019
300 _ax, 150 pages;
_c27 cm
336 _2rdacontent
_atext
_btxt
337 _2rdamedia
_aunmediated
_bn
338 _2rdacarrier
_avolume
_bnc
504 _aincludes bibliographical references (pages 132-143) and glossary.
650 _aPractical Research
700 _aTigno, Cezar R.
942 _2ddc
_cF
999 _c78088
_d78087